000 03800nab a2200349 i 4500
003 BR-BrBNA
005 20250124103806.0
008 250124b2016 bl.|r|pooa||| 00| 0 eng |
040 _aBR-BrBNA
_beng
072 _aL73
_b5120
072 _aL50
072 _aL70
100 _aSantos, R.F.
100 _aSilva, G.C.P.
100 _aAssis, N.A.
100 _aMathias, L.A.
245 _aBrucella spp. in equines slaughtered in the south region of Brazil
500 _a Publicação online; 12 ref.; 4 illus.; Summaries (En, Pt)
520 _a ABSTRACT - Bacteria of the genus Brucella are widespread in many countries. These microorganisms can infect humans and many wild and domestic animal species. These bacteria have zoonotic potential, and can cause economic and public health problems since they can be transmitted by direct contact with sick animals, through consumption of contaminated milk, raw meat and its derivatives (Soares et al., 2015). Brucellosis is considered a chronic evolving disease, unusual in horses, predominantly caused by Brucella abortus. However, it is not characterized by reproductive disorders in horses, but primarily by abscess in the cervical region, bursa, tendons, and joints. Transmission is likely to occur via ingestion of contaminated water and pastures, especially in areas endemic for bovine brucellosis (Ribeiro et al., 2008). The slaughterhouse is a strategic point for obtaining information about the animal and animal products, edible or not. This study investigated the presence of anti-Brucella spp. immunoglobulins in the serum samples from horses slaughtered in a slaughterhouse in southern Brazil, to estimate the frequency of Brucella spp. antibodies and determine the spatial distribution of the cases. Keywords: equine, abattoirs, brucellosis, equine, fluorescence polarization, complement fixation
520 _a RESUMO - Objetivou-se investigar a presença de imunoglobulinas anti-Brucella spp. em amostras de soros sanguíneos de equídeos abatidos em matadouro-frigorífico, sob Serviço de Inspeção Federal, localizado na região Sul do Brasil. Utilizaram-se 767 amostras de sangue de equídeos adultos abatidos no período de abril a maio de 2013. Os animais foram provenientes de 45 municípios dos estados do Rio Grande do Sul, Santa Catarina e Paraná. Para diagnóstico, foram utilizados os testes do antígeno acidificado tamponado (AAT), sendo os resultados positivos confirmados pelos testes de polarização fluorescente (TPF), reação de fixação de complemento (RFC) e 2-mercaptoetanol (2-ME). Foram sororreagentes no AAT 65 (8,47%) animais. Destes, apenas dois (3,07%) foram positivos também na RFC e três (4,62%) animais foram positivos no TPF. Apesar da baixa frequência de animais positivos para Brucella spp., pode-se afirmar que a infecção em equinos está presente na área estudada, o que é demonstrado pela presença de animais sororreatores. No âmbito da saúde animal, pública e ocupacional, sugere-se a atenção a essa doença, visando diminuir o risco de infecção. Palavras-chave: equinos, abatedouro, brucelose, polarização fluorescente, reação de fixação de complemento
650 _aCAVALO
650 _aABATEDOURO
650 _aBRUCELOSE
650 _aDOENÇA ANIMAL
650 _aHEMATOLOGIA
650 _aBIOQUÍMICA
650 _aVETERINÁRIA
773 0 _01643
_9348075
_dBelo Horizonte-MG Universidade Federal de Minas Gerais - Escola de Veterinaria 1983
_o2025-0570
_tArquivo Brasileiro de Medicina Veterinária e Zootecnia (Brazil)
_x0102-0935
_gv. 68(4) p. 853-857; (2016)
_wBR2024004524
856 _uhttps://www.scielo.br/j/abmvz/a/Ldx349qrLQvY996M9Hjd9SC/?format=pdf&lang=en
942 _cANA
999 _c329662
_d329662